1264 1604 1019 1039 1841 1584 1477 1007 1136 1898 1408 1990 1298 1897 1424 1214 1374 1276 1901 1094 1747 1421 1671 1957 1219 1574 1937 1105 1042 1598 1439 1154 1630 1206 1746 1272 1980 1716 1121 1457 1527 1968 1595 1697 1073 1103 1106 1325 1688 1266 1833 1926 1232 1463 1314 1694 1953 1303 1733 1183 1293 1319 1545 1135 1176 1667 1942 1823 1234 1527 1206 1388 1881 1706 1690 1420 1176 1383 1384 1956 1921 1570 1215 1035 1679 1998 1782 1044 1076 1275 1639 1750 1434 1537 1652 1379 1114 1434 1343 BCNSPRNW ULIB Ver.6.0+V

เปลี่ยนเป็นภาษาไทย

Change to English
 แสดงรายละเอียดบรรณานุกรม
  กลับหน้าหลัก

Brief Record : Get Marc (ISO 2709) : E-mail record : QR code < ปิดหน้าต่าง
LEADER : 00000nam 2200000uu 4500
001    13399114906
003     ULIB
008    120620s2551||||th 000 0 tha d
020    ^a9789741382651
060 04 ^aWB^bป445ค
100 0  ^aปราณี ทู้ไพเราะ
245 10 ^aคำศัพท์-คำย่อทางการแพทย์ =^bMedical vocabulary &abbreviation /^cปราณี ทู้ไพเราะ
246 31 ^aMedical vocabulary & abbreviation
250    ^aพิมพ์ครั้งที่ 2
260    ^aกรุงเทพฯ :^bN P Press,^c2551
300    ^a600 หน้า ;^c21 ซม.
650  7 ^aการแพทย์^xคำย่อ
650  7 ^aการแพทย์^xคำศัพท์
650  7 ^aแพทยศาสตร์^xคำย่อ
650  7 ^aแพทยศาสตร์^xคำศัพท์
945    ^p350^l0^i15091
945    ^p350^l0^i15851
945    ^p350^l0^i15543
945    ^p350^l0^i15090
945    ^p350^l0^i15850
995    ^aกัณชพร
999 ^a ใช้งานได้ทุกระบบ
รายการนี้ยังไม่มีแท็ก
คุณยังไม่ได้ล็อกอิน คุณสามารถมีกิจกรรมร่วมกับเว็บไซต์ได้ แต่ต้องล็อกอินก่อน ::
  ล็อกอิน

รายการสื่อสารสนเทศ

ลำดับที่ ประเภท เลขเรียก/บาร์โค้ด สถานที่ สถานะ
1. วิทยาศาสตร์การแพทย์ และสุขภาพ
วิทยาศาสตร์การแพทย์ และสุขภาพ
สถานะ=หนังสือเก่า
WB ป445ค  
  Barcode: 15091
ห้องสมุดวิทยาเขตนครสวรรค์
►ส่วนจัดเก็บหนังสือเก่า นว.
บนชั้น
  ขอยืม

รายการใกล้เคียง
    ผู้แต่ง [ปราณี ทู้ไพเราะ]

BibComment


ยังไม่เคยถูกคอมเมนท์

คอมเมนท์ทรัพยากรรายการนี้
  คอมเมนท์: คำศัพท์คำย่อทางก..


 Copyright 2026. Bcnsprnw @Library